|
|
|
|
| LEADER |
01164nam a22002892aa4500 |
| 001 |
001414240 |
| 003 |
CZ BrMZK |
| 005 |
20140825124445.0 |
| 007 |
ta |
| 008 |
140821s1957 fr er|||||||||||fre d |
| 040 |
|
|
|a BOD004
|b cze
|d BOD035
|d BOA001
|
| 072 |
|
7 |
|a 547
|x Organická chemie
|2 Konspekt
|9 10
|
| 080 |
9 |
|
|a 547.057
|
| 080 |
9 |
|
|a (035)
|
| 100 |
1 |
|
|a Mathieu, Jean,
|d 1917-2003
|7 mub2013749702
|4 aut
|
| 245 |
1 |
0 |
|a Cahiers de synthèse organique :
|b méthodes et tableaux d'application /
|c Jean Mathie, André Allais
|
| 260 |
|
|
|a Paris :
|b Masson,
|c 1957
|
| 300 |
|
|
|a 3 sv. (11, 232; 322; 266 s.)
|
| 650 |
0 |
7 |
|a organické syntézy
|7 ph123796
|2 czenas
|
| 655 |
|
7 |
|a příručky
|7 fd133209
|2 czenas
|
| 700 |
1 |
|
|a Allais, André
|7 mub2013749701
|4 aut
|
| 910 |
|
|
|a BOA001
|b 2-0398.953
|s 1-3
|
| 990 |
|
|
|a BK
|
| 991 |
|
|
|b 201408
|
| 996 |
7 |
|
|b 2619131240
|c 2-0398.953
|d vol. 3.
|v 3
|l MZK
|r Sklad / do 24 hodin
|n 0
|w 001449299
|u 000030
|a 1
|e BOA001
|j MZK50
|s A
|
| 996 |
7 |
|
|b 2619131241
|c 2-0398.953
|d vol. 2.
|v 2
|l MZK
|r Sklad / do 24 hodin
|n 0
|w 001449299
|u 000020
|a 1
|e BOA001
|j MZK50
|s A
|
| 996 |
7 |
|
|b 2619131242
|c 2-0398.953
|d vol. 1.
|v 1
|l MZK
|r Sklad / do 24 hodin
|n 0
|w 001449299
|u 000010
|a 1
|e BOA001
|j MZK50
|s A
|